000 00908cab a2200265 4500
001 ABS50065
008 090401t1994 xxu||||| |||| 00| 0 eng d
035 _a(Sirsi) u73957
041 _aeng
100 _aAkenhead, R.
245 _aSome arbitrators do not deliver justice
260 _c1994
350 _a0
490 _aBuilding
_v259(7831) 18 February 1994, 23(1)
520 _aDelay and the inability, in most cases, to appeal are cited as drawbacks to arbitration. Court proceedings will be favoured unless the arbitration process can be shown to be efficient.
650 _aADVANTAGES
650 _aAPPEALS
650 _aARBITRATION AWARDS
650 _aCONSTRUCTION DISPUTES
650 _aCOURT PROCEEDINGS
650 _aDELAY
690 _aMANAGEMENT-DISPUTE AVOIDANCE, MANAGEMENT AND RESOLUTION-DISPUTE MANAGEMENT AND RESOLUTION-ARBITRATION
942 _n0
948 _c04/03/1997
999 _c46678
_d46678